| 000 | 01148nam a2200241 a 4500 | ||
|---|---|---|---|
| 001 | 21226 | ||
| 003 | CO-ViMGA | ||
| 008 | 141112s2004 ck r 000 u spa d | ||
| 020 | _a9583505552 | ||
| 040 |
_aCO-ViMGA _bspa _cCO-ViMGA |
||
| 082 | 0 | 4 | _a346.0432 O246 6ed |
| 100 | 1 |
_aOchoa Carvajal Raúl Humberto, _930257 |
|
| 245 | 1 | 0 | _aBienes |
| 250 | _a6 | ||
| 260 |
_aBogotá; Temis, _c2006 |
||
| 300 | _a380 | ||
| 505 | _aDe los modos de adquirir el dominio La ocupación, La accesión, La tradición, Laposesión 135 - - De la prescripción Formas de prescripción adquisitiva, De la prescripción agraria 185 - - El derecho de propiedad o dominio Limitaciones al dominio, El patrimonio de familia, Afectación a vivienda familiar 244 - - El derecho de usufructo Caractrísitca, solemnidades 288 - - De las servidumbres Clasificación, Servicumbres mineras 306 | ||
| 590 | _aForma de adquisición : Compra fact. 0855 - - Precio : 45000 - - Proveedor : Temas y libros - - Fecha de adquisición : Mayo 2007 | ||
| 650 | 1 | 4 |
_aBIENES - DERECHO _955295 |
| 650 | 1 | 4 |
_aPROPIEDAD _96890 |
| 650 | 1 | 4 |
_aPROTECCION EN DERECHO _930258 |
| 942 |
_2ddc _cBK |
||
| 999 |
_c29865 _d29865 |
||